| 000 | 00677cam a22002293a 4500 | ||
|---|---|---|---|
| 001 | 3261 | ||
| 003 | PGUSA | ||
| 005 | 20140828083029.0 | ||
| 008 | 020601s2002||||xxu|||||s|||||000 | eng d | ||
| 040 |
_aPGUSA _beng |
||
| 042 | _adc | ||
| 050 | 4 | _aHX | |
| 100 | 1 |
_aMorris, William, _d1834-1896 |
|
| 245 | 1 | 0 |
_aNews from Nowhere; Or, An Epoch of Rest : _bBeing Some Chapters from a Utopian Romance _h[electronic resource] / _cWilliam Morris |
| 260 |
_bProject Gutenberg, _c2002 |
||
| 506 | _aPublic domain in the USA. | ||
| 516 | _aElectronic text | ||
| 653 | _aUtopias | ||
| 830 | 0 |
_aProject Gutenberg _v3261 |
|
| 856 | 4 | 0 | _uhttp://www.gutenberg.org/ebooks/3261 |
| 942 | _cEB | ||
| 999 |
_c232590 _d232590 |
||